Protectorates - Statistics

General Stats
  • This quiz has been taken 699 times
  • The average score is 8 of 9
Answer Stats
Hint Answer % Correct
Falkland Islands, Gibraltar, Pitcairn Islands United Kingdom
100%
Guam, Puerto Rico, Northern Mariana Islands United States of America
100%
Hong Kong, Macau China
99%
New Caledonia, Saint Martin, Clipperton Island France
98%
Christmas Island, Coral Sea Islands, Norfolk Island Australia
97%
Cook Islands, Niue, Tokelau New Zealand
94%
Aruba, Curacao, Sint Eustatius Netherlands
92%
Bouvet Island, Peter I Island, Queen Maud Land Norway
76%
Aland Islands Finland
74%
No matching quizzes found
Score Distribution
Percent of People with Each Score
Percentile by Number Answered
Your Score History
You have not taken this quiz